Healthcare Financial Management Journal of the Healthcare Financial Management Association

Salvato in:
Dettagli Bibliografici
Natura: Periodico
Lingua:inglese
Pubblicazione: Westchester Healthcare Financial Management Association 1991
Soggetti:
Tags: Aggiungi Tag
Nessun Tag, puoi essere il primo ad aggiungerne!!

MARC

LEADER 00000nas2a2200000 4500
001 s018614
005 20240109093751.5
022 |a 0735-0732 
041 0 |a eng 
044 |a US 
245 1 0 |a Healthcare Financial Management  |b Journal of the Healthcare Financial Management Association 
264 1 |a Westchester  |b Healthcare Financial Management Association  |c 1991 
300 |a 1 zv. 
773 0 |w eu_un_cat*s120723 
610 2 0 |a zdravotníctvo 
610 2 0 |a starostlivosť zdravotná 
610 2 0 |a financie 
610 2 0 |a manažment